000 01969cam a22003854a 4500
999 _c234761
_d234761
001 14668747
003 Nust
005 20170330131612.0
008 061213s2006 dcua b 100 0 eng c
010 _a 2006299763
020 _a0309102456
020 _a9780309102452
035 _a(OCoLC)ocm76883318
035 _a(OCoLC)76883318
040 _aAZS
_cAZS
_dIXA
_dDLC
042 _apcc
043 _ae-ru---
_an-us---
050 0 0 _aHV6433.R9
_bN38 2006
082 0 0 _a363.3250947 SCH
_222
110 2 _aNational Research Council (U.S.).
_bCommittee on Counterterrorism Challenges for Russia and the United States.
245 1 0 _aCountering urban terrorism in Russia and the United States :
_bproceedings of a workshop /
_cCommittee on Counterterrorism Challenges for Russia and the United States, Office for Central Europe and Eurasia, Development, Security, and Cooperation, Policy and Global Affairs, National Research Council of the National Academies ; Glenn E. Schweitzer and A. Chelsea Sharber, editors.
260 _aWashington, DC :
_bNational Academies Press,
_cc2006.
300 _axiii, 241 p. :
_bill. (some col.) ;
_c23 cm.
500 _a"In cooperation with the Russian Academy of Sciences."
504 _aIncludes bibliographical references.
530 _aAlso available via the World Wide Web.
650 0 _aTerrorism
_zRussia (Federation)
_xPrevention.
650 0 _aTerrorism
_zUnited States
_xPrevention.
700 1 _aSchweitzer, Glenn E.,
_d1930-
700 1 _aSharber, A. Chelsea.
710 2 _aRossiĭskai︠a︡ akademii︠a︡ nauk.
856 4 1 _3Table of contents only
_uhttp://www.loc.gov/catdir/toc/fy0715/2006299763.html
856 4 1 _uhttp://newton.nap.edu/openbook/0309102456/html/index.html
_zView the electronic version
906 _a7
_bcbc
_cpccadap
_d2
_encip
_f20
_gy-gencatlg
942 _2ddc
_cBK